00429nam a2200133Ia 4500008004100000020000600041100001600047245002200063260007400085300001000159942002400169952008700193999001500280250518s9999 xx 000 0 und d a0 aGeoff Manll 0aPure Mathmatics 1 a"Great Clarendon Street,oxford OX26DP"bOxford University Pressc1994 a273p. h-iMANcADe06_MAN 92586aKFPLbKFPLcREFd2025-05-18l0o510pKL-2024-000310r2025-05-18 13:00:37yAD c2176d2176